Complete the Palindrome Quiz Stats

Quiz Updated Nov 15, 2015

Challenge
Share
Tweet
Embed
Score 0/20 Timer 06:00
3 Plays Today
% Correct
Toyota
93.4%
evil
92%
repel
90.9%
hoot
90.4%
foot
88.6%
wallaby
88.2%
demand
87.3%
Sue
86.9%
wallets
86.3%
cars
85.6%
% Correct
Tylenol
84.2%
German
83.1%
cat
81.3%
telegram
81.2%
odd
79.8%
owe
79.5%
frost
78.6%
fatness
77.5%
assess
74.7%
interpret
71.9%

You're not logged in!

Compare scores with friends on all Sporcle quizzes.
Join for Free
OR
Log In

You Might Also Like...

Show Comments

Extras

Top Quizzes Today


Score Distribution

Your Account Isn't Verified!

In order to create a playlist on Sporcle, you need to verify the email address you used during registration. Go to your Sporcle Settings to finish the process.

Report this User

Report this user for behavior that violates our Community Guidelines.

Details: